| 000 | 00691nam a2200229Ia 4500 | ||
|---|---|---|---|
| 005 | 20241216011156.0 | ||
| 008 | 190212s9999||||xx |||||||||||||| ||und|| | ||
| 020 | _a978-9972-804-70-0 | ||
| 082 |
_a610.7 _bN67 |
||
| 100 | _aNIZAMA RUIZ ESTRELIA, SAMANIEGO SALCEDO ALEJANDRO | ||
| 245 | 0 |
_aCOMO MEJ0RAR LA EDUCACION PARA LA SALUD _bDIAGNOSTICO SITUACIONAL Y PROPUESTAS |
|
| 250 | _a1 | ||
| 260 |
_aLIMA PERU _bCIES _c2007 |
||
| 300 |
_a104 pag _c20.5 cm |
||
| 341 | _h0 | ||
| 490 |
_v0 _a0 |
||
| 505 | _aANTECEDENTES/MARCO CONCEPTUAL/ASPECTOS METODOLOGICOS/RESULTADOS | ||
| 541 |
_d14-Jan-10 _oSoles |
||
| 650 | _aCIENCIAS APLICADAS | ||
| 856 | _zCiencias Aplicadas | ||
| 942 | _cLIBRO | ||
| 999 |
_c34708 _d34708 |
||